<?xml version="1.0" encoding="UTF-8"?>
<record
    xmlns:xsi="http://www.w3.org/2001/XMLSchema-instance"
    xsi:schemaLocation="http://www.loc.gov/MARC21/slim http://www.loc.gov/standards/marcxml/schema/MARC21slim.xsd"
    xmlns="http://www.loc.gov/MARC21/slim">

  <leader>02705nam a2200289   4500</leader>
  <controlfield tag="003">NALT</controlfield>
  <controlfield tag="005">20260119134100.0</controlfield>
  <controlfield tag="008">260115b        th ||||| |||| 00| 0 tha d</controlfield>
  <datafield tag="020" ind1=" " ind2=" ">
    <subfield code="a">9786166298932</subfield>
  </datafield>
  <datafield tag="040" ind1=" " ind2=" ">
    <subfield code="a">NALT</subfield>
  </datafield>
  <datafield tag="050" ind1=" " ind2=" ">
    <subfield code="a">BQ 2613</subfield>
    <subfield code="b">&#xE2A;234&#xE27; 2568</subfield>
  </datafield>
  <datafield tag="100" ind1="0" ind2=" ">
    <subfield code="a">&#xE2A;&#xE21;&#xE04;&#xE34;&#xE14; &#xE40;&#xE28;&#xE29;&#xE27;&#xE07;&#xE28;&#xE4C;.</subfield>
    <subfield code="9">67283</subfield>
  </datafield>
  <datafield tag="245" ind1="1" ind2="0">
    <subfield code="a">&#xE27;&#xE34;&#xE18;&#xE35;&#xE01;&#xE32;&#xE23;&#xE1D;&#xE36;&#xE01;&#xE17;&#xE31;&#xE01;&#xE29;&#xE30;&#xE17;&#xE32;&#xE07;&#xE1B;&#xE31;&#xE0D;&#xE0D;&#xE32; &#xE43;&#xE19;&#xE04;&#xE31;&#xE21;&#xE20;&#xE35;&#xE23;&#xE4C;&#xE21;&#xE34;&#xE25;&#xE34;&#xE19;&#xE17;&#xE1B;&#xE31;&#xE0D;&#xE2B;&#xE32; /</subfield>
    <subfield code="c">&#xE2A;&#xE21;&#xE04;&#xE34;&#xE14; &#xE40;&#xE28;&#xE29;&#xE27;&#xE07;&#xE28;&#xE4C;.</subfield>
  </datafield>
  <datafield tag="250" ind1=" " ind2=" ">
    <subfield code="a">&#xE1E;&#xE34;&#xE21;&#xE1E;&#xE4C;&#xE04;&#xE23;&#xE31;&#xE49;&#xE07;&#xE17;&#xE35;&#xE48; 1.</subfield>
  </datafield>
  <datafield tag="260" ind1=" " ind2=" ">
    <subfield code="a">&#xE1E;&#xE23;&#xE30;&#xE19;&#xE04;&#xE23;&#xE28;&#xE23;&#xE35;&#xE2D;&#xE22;&#xE38;&#xE18;&#xE22;&#xE32; : </subfield>
    <subfield code="b">&#xE42;&#xE23;&#xE07;&#xE1E;&#xE34;&#xE21;&#xE1E;&#xE4C;&#xE21;&#xE2B;&#xE32;&#xE08;&#xE38;&#xE2C;&#xE32;&#xE25;&#xE07;&#xE01;&#xE23;&#xE13;&#xE23;&#xE32;&#xE0A;&#xE27;&#xE34;&#xE17;&#xE22;&#xE32;&#xE25;&#xE31;&#xE22;,</subfield>
    <subfield code="c">2568. </subfield>
  </datafield>
  <datafield tag="300" ind1=" " ind2=" ">
    <subfield code="a">633 &#xE2B;&#xE19;&#xE49;&#xE32; :</subfield>
    <subfield code="b">&#xE20;&#xE32;&#xE1E;&#xE1B;&#xE23;&#xE30;&#xE01;&#xE2D;&#xE1A;, &#xE15;&#xE32;&#xE23;&#xE32;&#xE07;, &#xE41;&#xE1C;&#xE19;&#xE20;&#xE39;&#xE21;&#xE34; ;</subfield>
    <subfield code="c">26 &#xE0B;&#xE21;.</subfield>
  </datafield>
  <datafield tag="505" ind1="2" ind2=" ">
    <subfield code="a">&#xE1A;&#xE17;&#xE17;&#xE35;&#xE48; 1 &#xE04;&#xE27;&#xE32;&#xE21;&#xE23;&#xE39;&#xE49;&#xE17;&#xE31;&#xE48;&#xE27;&#xE44;&#xE1B;&#xE40;&#xE01;&#xE35;&#xE48;&#xE22;&#xE27;&#xE01;&#xE31;&#xE1A;&#xE04;&#xE31;&#xE21;&#xE20;&#xE35;&#xE23;&#xE4C;&#xE21;&#xE34;&#xE25;&#xE34;&#xE19;&#xE17;&#xE1B;&#xE31;&#xE0D;&#xE2B;&#xE32; -- &#xE1A;&#xE17;&#xE17;&#xE35;&#xE48; 2 &#xE25;&#xE31;&#xE01;&#xE29;&#xE13;&#xE30;&#xE01;&#xE32;&#xE23;&#xE42;&#xE15;&#xE49;-&#xE15;&#xE2D;&#xE1A;&#xE43;&#xE19;&#xE04;&#xE31;&#xE21;&#xE20;&#xE35;&#xE23;&#xE4C;&#xE21;&#xE34;&#xE25;&#xE34;&#xE19;&#xE17;&#xE1B;&#xE31;&#xE0D;&#xE2B;&#xE32; -- &#xE1A;&#xE17;&#xE17;&#xE35;&#xE48; 3 &#xE1E;&#xE38;&#xE17;&#xE18;&#xE20;&#xE32;&#xE27;&#xE30;&#xE43;&#xE19;&#xE04;&#xE31;&#xE21;&#xE20;&#xE35;&#xE23;&#xE4C;&#xE21;&#xE34;&#xE25;&#xE34;&#xE19;&#xE17;&#xE1B;&#xE31;&#xE0D;&#xE2B;&#xE32; -- &#xE1A;&#xE17;&#xE17;&#xE35;&#xE48; 4 &#xE1E;&#xE38;&#xE17;&#xE18;&#xE1B;&#xE23;&#xE31;&#xE0A;&#xE0D;&#xE32;&#xE27;&#xE48;&#xE32;&#xE14;&#xE49;&#xE27;&#xE22;&#xE08;&#xE34;&#xE15;&#xE1B;&#xE23;&#xE21;&#xE31;&#xE15;&#xE16;&#xE4C;&#xE43;&#xE19;&#xE04;&#xE31;&#xE21;&#xE20;&#xE35;&#xE23;&#xE4C;&#xE21;&#xE34;&#xE25;&#xE34;&#xE19;&#xE17;&#xE1B;&#xE31;&#xE0D;&#xE2B;&#xE32; --
&#xE1A;&#xE17;&#xE17;&#xE35;&#xE48; 5 &#xE1E;&#xE38;&#xE17;&#xE18;&#xE1B;&#xE23;&#xE31;&#xE0A;&#xE0D;&#xE32;&#xE27;&#xE48;&#xE32;&#xE14;&#xE49;&#xE27;&#xE22;&#xE40;&#xE08;&#xE15;&#xE2A;&#xE34;&#xE01;&#xE1B;&#xE23;&#xE21;&#xE21;&#xE31;&#xE15;&#xE16;&#xE4C;&#xE43;&#xE19;&#xE04;&#xE31;&#xE21;&#xE20;&#xE35;&#xE23;&#xE4C;&#xE21;&#xE34;&#xE25;&#xE34;&#xE19;&#xE17;&#xE1B;&#xE31;&#xE0D;&#xE2B;&#xE32; -- &#xE1A;&#xE17;&#xE17;&#xE35;&#xE48; 6 &#xE1E;&#xE38;&#xE17;&#xE18;&#xE1B;&#xE23;&#xE31;&#xE0A;&#xE0D;&#xE32;&#xE40;&#xE01;&#xE35;&#xE48;&#xE22;&#xE27;&#xE01;&#xE31;&#xE1A;&#xE23;&#xE39;&#xE1B;&#xE1B;&#xE23;&#xE21;&#xE31;&#xE15;&#xE16;&#xE4C;&#xE43;&#xE19;&#xE04;&#xE31;&#xE21;&#xE20;&#xE35;&#xE23;&#xE4C;&#xE21;&#xE34;&#xE25;&#xE34;&#xE19;&#xE17;&#xE1B;&#xE31;&#xE0D;&#xE2B;&#xE32; -- &#xE1A;&#xE17;&#xE17;&#xE35;&#xE48; 7 &#xE1E;&#xE38;&#xE17;&#xE18;&#xE1B;&#xE23;&#xE31;&#xE0A;&#xE0D;&#xE32;&#xE40;&#xE01;&#xE35;&#xE48;&#xE22;&#xE27;&#xE01;&#xE31;&#xE1A;&#xE19;&#xE34;&#xE1E;&#xE1E;&#xE32;&#xE19;&#xE43;&#xE19;&#xE04;&#xE31;&#xE21;&#xE20;&#xE35;&#xE23;&#xE4C;&#xE21;&#xE34;&#xE25;&#xE34;&#xE19;&#xE17;&#xE1B;&#xE31;&#xE0D;&#xE2B;&#xE32; -- &#xE1A;&#xE17;&#xE17;&#xE35;&#xE48; 8 &#xE27;&#xE34;&#xE40;&#xE04;&#xE23;&#xE32;&#xE30;&#xE2B;&#xE4C;&#xE2A;&#xE34;&#xE01;&#xE02;&#xE32;&#xE1A;&#xE17; &#xE01;&#xE32;&#xE23;&#xE17;&#xE38;&#xE28;&#xE35;&#xE25;&#xE43;&#xE19;&#xE04;&#xE31;&#xE21;&#xE20;&#xE35;&#xE23;&#xE4C;&#xE21;&#xE34;&#xE25;&#xE34;&#xE19;&#xE17;&#xE1B;&#xE31;&#xE0D;&#xE2B;&#xE32; : &#xE1B;&#xE31;&#xE0D;&#xE2B;&#xE32;&#xE41;&#xE25;&#xE30;&#xE17;&#xE32;&#xE07;&#xE2D;&#xE2D;&#xE01; -- &#xE1A;&#xE17;&#xE17;&#xE35;&#xE48; 9 &#xE1E;&#xE23;&#xE30;&#xE2D;&#xE23;&#xE34;&#xE22;&#xE1A;&#xE38;&#xE04;&#xE04;&#xE25;&#xE43;&#xE19;&#xE04;&#xE31;&#xE21;&#xE20;&#xE35;&#xE23;&#xE4C;&#xE21;&#xE34;&#xE25;&#xE34;&#xE19;&#xE17;&#xE1B;&#xE31;&#xE0D;&#xE2B;&#xE32;.</subfield>
  </datafield>
  <datafield tag="630" ind1=" " ind2="4">
    <subfield code="a">&#xE21;&#xE34;&#xE25;&#xE34;&#xE19;&#xE17;&#xE1B;&#xE31;&#xE0D;&#xE2B;&#xE32;</subfield>
    <subfield code="9">67287</subfield>
  </datafield>
  <datafield tag="650" ind1=" " ind2="4">
    <subfield code="a">&#xE1E;&#xE38;&#xE17;&#xE18;&#xE28;&#xE32;&#xE2A;&#xE19;&#xE32; </subfield>
    <subfield code="x">&#xE04;&#xE33;&#xE16;&#xE32;&#xE21;&#xE41;&#xE25;&#xE30;&#xE04;&#xE33;&#xE15;&#xE2D;&#xE1A;</subfield>
    <subfield code="9">4814</subfield>
  </datafield>
  <datafield tag="650" ind1=" " ind2="4">
    <subfield code="a">&#xE18;&#xE23;&#xE23;&#xE21;&#xE30; </subfield>
    <subfield code="x">&#xE04;&#xE33;&#xE16;&#xE32;&#xE21;&#xE41;&#xE25;&#xE30;&#xE04;&#xE33;&#xE15;&#xE2D;&#xE1A;</subfield>
    <subfield code="9">16432</subfield>
  </datafield>
  <datafield tag="650" ind1=" " ind2="4">
    <subfield code="a">&#xE19;&#xE34;&#xE17;&#xE32;&#xE19;&#xE04;&#xE15;&#xE34;&#xE2A;&#xE2D;&#xE19;&#xE43;&#xE08;</subfield>
    <subfield code="9">67286</subfield>
  </datafield>
  <datafield tag="942" ind1=" " ind2=" ">
    <subfield code="2">lcc</subfield>
    <subfield code="c">GB</subfield>
  </datafield>
  <datafield tag="996" ind1=" " ind2=" ">
    <subfield code="a">jidapa.t</subfield>
    <subfield code="b">ACQSTF</subfield>
    <subfield code="c">2026-01-15</subfield>
  </datafield>
  <datafield tag="996" ind1=" " ind2=" ">
    <subfield code="a">varee.k</subfield>
    <subfield code="b">LIBSTF</subfield>
    <subfield code="c">2026-01-16</subfield>
  </datafield>
  <datafield tag="996" ind1=" " ind2=" ">
    <subfield code="a">saiphon.d</subfield>
    <subfield code="b">CATSTF	</subfield>
    <subfield code="c">2026-01-19</subfield>
  </datafield>
  <datafield tag="999" ind1=" " ind2=" ">
    <subfield code="c">107677</subfield>
    <subfield code="d">107677</subfield>
  </datafield>
  <datafield tag="998" ind1=" " ind2=" ">
    <subfield code="j">104</subfield>
    <subfield code="k"> &#xE19;&#xE32;&#xE07;&#xE2A;&#xE32;&#xE27;&#xE2A;&#xE32;&#xE22;&#xE1D;&#xE19;  &#xE14;&#xE35;&#xE07;&#xE32;&#xE21;</subfield>
  </datafield>
  <datafield tag="952" ind1=" " ind2=" ">
    <subfield code="0">0</subfield>
    <subfield code="1">0</subfield>
    <subfield code="2">lcc</subfield>
    <subfield code="4">0</subfield>
    <subfield code="7">0</subfield>
    <subfield code="8">CGBL</subfield>
    <subfield code="a">NALT</subfield>
    <subfield code="b">NALT</subfield>
    <subfield code="c">GEN</subfield>
    <subfield code="d">2026-01-15</subfield>
    <subfield code="l">0</subfield>
    <subfield code="o">BQ 2613 &#xE2A;234&#xE27; 2568</subfield>
    <subfield code="p">3961216064</subfield>
    <subfield code="r">2026-01-15 00:00:00</subfield>
    <subfield code="w">2026-01-15</subfield>
    <subfield code="y">GB</subfield>
  </datafield>
</record>
